[Event "Sant Adria de Besos op 12th"]
[Site "Sant Adria de Besos"]
[Date "2016.05.15"]
[Round "4"]
[White "Rueda Marquez, David Juan"]
[Black "Serrano Pertinez, Miquel"]
[Result "0-1"]
[WhiteElo "2243"]
[BlackElo "2241"]
[PlyCount "104"]
[EventDate "2016.04.10"]
[EventType "swiss"]
[EventRounds "9"]
[EventCountry "ESP"]
[SourceTitle "EXT 2017"]
[Source "ChessBase"]
[SourceDate "2016.10.25"]
[SourceVersion "1"]
[SourceVersionDate "2016.10.25"]
[SourceQuality "1"]

1. Nf3 b6 2. g3 Bb7 3. Bg2 c5 4. c4 e6 5. 0-0 Nf6 6. Nc3 Be7 7. Re1 0-0 8. e4 d6 9. d4 cxd4 10. Nxd4 Qc8 11. b3 a6 12. Ba3 Rd8 13. Qc2 Nc6 14. Rad1 b5 15. cxb5 Nxd4 16. Rxd4 axb5 17. Bb4 Bc6 18. Red1 Ne8 19. R4d2 Qb7 20. Ne2 Rac8 21. Nd4 Bd7 22. Qd3 Qb6 23. Bf1 Nc7 24. Ne2 Be8 25. Rc2 Ra8 26. Qd2 h6 27. Qd4 Qb7 28. Bg2 Na6 29. Bc3 e5 30. Qd5 Bc6 31. Qd2 Nc5 32. f3 Bg5 33. Qe1 f5 34. exf5 Bxf3 35. Bxf3 Qxf3 36. Bd2 Qxf5 37. Bxg5 Qxg5 38. Qd2 Qxd2 39. Rdxd2 Kf7 40. b4 Ne4 41. Rd5 Rac8 42. Rxc8 Rxc8 43. Rxb5 Rc2 44. Rb7+ Kf6 45. a4 Rxe2 46. a5 Ra2 47. Rb6 Kf5 48. h3 d5 49. a6 Nxg3 50. b5 e4 51. Rd6 Kf4 52. Rxd5 Kf3 0-1

[Event "Foment Martinenc op-A 18th"]
[Site "Barcelona"]
[Date "2016.05.07"]
[Round "3"]
[White "Garcia Ramos, Daniel"]
[Black "Rueda Marquez, David Juan"]
[Result "1-0"]
[WhiteElo "2253"]
[BlackElo "2087"]
[PlyCount "107"]
[EventDate "2016.04.23"]
[EventType "swiss"]
[EventRounds "9"]
[EventCountry "ESP"]
[SourceTitle "EXT 2017"]
[Source "ChessBase"]
[SourceDate "2016.10.25"]
[SourceVersion "1"]
[SourceVersionDate "2016.10.25"]
[SourceQuality "1"]

1. b3 d5 2. Bb2 Nf6 3. Nf3 g6 4. e3 Bg7 5. c4 c6 6. Be2 0-0 7. 0-0 Bg4 8. d3 Nbd7 9. Nbd2 Re8 10. h3 Bxf3 11. Bxf3 e5 12. b4 e4 13. dxe4 dxe4 14. Be2 c5 15. bxc5 Nxc5 16. Nb3 Qxd1 17. Rfxd1 Nfd7 18. Bxg7 Kxg7 19. Rd5 Rac8 20. Rad1 Rc7 21. h4 Re7 22. R5d4 Nb6 23. g4 Nba4 24. Rc1 b6 25. Kg2 Re5 26. Rc2 Na6 27. c5 N4xc5 28. Bxa6 Nxa6 29. Rxc7 Nxc7 30. Rd7 Nb5 31. a4 Nc3 32. Rxa7 h6 33. Ra6 Kf8 34. Nd4 Ra5 35. Rxb6 Rxa4 36. h5 Kg7 37. hxg6 fxg6 38. Ne6+ Kf7 39. Nf4 Ra2 40. Rd6 g5 41. Nh5 Ke7 42. Rd4 Ke6 43. Ng3 Ke5 44. Rc4 Ra3 45. Rc6 Nd1 46. Rc5+ Ke6 47. Nxe4 Nxe3+ 48. fxe3 Rxe3 49. Ng3 Rd3 50. Nf5 Rd2+ 51. Kf3 h5 52. gxh5 Rd1 53. Ng3 Rd3+ 54. Kg4 1-0

[Event "Barcelona Primavera La Lira op 9th"]
[Site "Barcelona"]
[Date "2016.04.14"]
[Round "2"]
[White "Lozano Diaz, Antoni"]
[Black "Rueda Marquez, David Juan"]
[Result "0-1"]
[WhiteElo "1864"]
[BlackElo "2087"]
[PlyCount "90"]
[EventDate "2016.04.07"]
[EventType "swiss"]
[EventRounds "9"]
[EventCountry "ESP"]
[SourceTitle "CBM 172 Extra"]
[Source "ChessBase"]
[SourceDate "2016.06.21"]
[SourceVersion "1"]
[SourceVersionDate "2016.06.21"]
[SourceQuality "1"]

1. c4 g6 2. g3 Bg7 3. Bg2 e5 4. Nc3 d6 5. d3 Nc6 6. e4 f5 7. exf5 Bxf5 8. Qb3 Nd4 9. Qd1 c6 10. Nge2 Nxe2 11. Qxe2 Ne7 12. 0-0 Qd7 13. Ne4 0-0 14. Be3 b6 15. Qd2 d5 16. cxd5 cxd5 17. Ng5 d4 18. Qd1 h6 19. Bxa8 Rxa8 20. Qb3+ Kh8 21. Nf7+ Kh7 22. Bxh6 Bxh6 23. Nxe5 Qd5 24. Rfe1 Qxb3 25. axb3 Bd2 26. Re2 Bb4 27. g4 Bc8 28. h3 a5 29. Rc1 Nd5 30. Rc6 Bb7 31. Rc1 Re8 32. f4 Bd6 33. Rf2 Re7 34. Nc4 Bxf4 35. Rcf1 g5 36. h4 b5 37. Nxa5 Ba8 38. Rxf4 gxf4 39. Rc1 Rc7 40. Ra1 Ne3 41. b4 Bd5 42. g5 Kg6 43. Kh2 Rc2+ 44. Kg1 Rg2+ 45. Kh1 Rg3+ 0-1

[Event "Sant Adria de Besos op 11th"]
[Site "Sant Adria de Besos"]
[Date "2015.06.21"]
[Round "9.2"]
[White "Vazquez Gamero, Miguel"]
[Black "Rueda Marquez, David Juan"]
[Result "0-1"]
[WhiteElo "2212"]
[BlackElo "2188"]
[PlyCount "58"]
[EventDate "2015.04.12"]
[EventType "swiss"]
[EventRounds "9"]
[EventCountry "ESP"]
[SourceTitle "EXT 2024"]
[Source "ChessBase"]
[SourceDate "2023.10.10"]
[SourceVersion "1"]
[SourceVersionDate "2023.10.10"]
[SourceQuality "1"]

1. e4 c5 2. Nf3 Nc6 3. d4 cxd4 4. Nxd4 g6 5. Bc4 Bg7 6. Nxc6 bxc6 7. 0-0 d6 8. Re1 Qc7 9. Qf3 Nf6 10. Nc3 0-0 11. Bf4 Nd7 12. Qg3 Rb8 13. Bb3 Ne5 14. Rad1 Be6 15. Bc1 Bxb3 16. axb3 f5 17. h3 Rf7 18. Be3 Nd7 19. exf5 gxf5 20. Bg5 e5 21. Bh6 Kh8 22. Bxg7+ Rxg7 23. Qd3 d5 24. Qxf5 Rbg8 25. g3 e4 26. Re3 Ne5 27. Ne2 Rf7 28. Qh5 Nf3+ 29. Kg2 Rf5 0-1

[Event "Barcelona Primavera La Lira op 8th"]
[Site "Barcelona"]
[Date "2015.05.14"]
[Round "6"]
[White "Rueda Marquez, David Juan"]
[Black "Ritter Aguilar, Jordi"]
[Result "1-0"]
[WhiteElo "2087"]
[BlackElo "1877"]
[PlyCount "73"]
[EventDate "2015.04.09"]
[EventType "swiss"]
[EventRounds "9"]
[EventCountry "ESP"]
[SourceTitle "CBM 166 Extra"]
[Source "ChessBase"]
[SourceDate "2015.06.18"]
[SourceVersion "1"]
[SourceVersionDate "2015.06.18"]
[SourceQuality "1"]

1. e4 c5 2. Nf3 Nc6 3. d4 cxd4 4. Nxd4 g6 5. Nc3 Bg7 6. Be3 Nf6 7. Nb3 d6 8. Be2 Bd7 9. 0-0 0-0 10. f4 a6 11. Bf3 Qc7 12. g4 e6 13. Qd2 Rfd8 14. Qf2 Qc8 15. Na4 Rb8 16. Nb6 Qc7 17. c3 g5 18. fxg5 Ne8 19. Nd2 Ne5 20. Be2 Bc6 21. c4 f6 22. b4 Qf7 23. b5 axb5 24. cxb5 Bd7 25. gxf6 Nxf6 26. g5 Qg6 27. Qg2 Nh5 28. Kh1 Be8 29. Rac1 Bf7 30. Rc7 d5 31. exd5 exd5 32. Bd4 Be6 33. Rxg7+ Nxg7 34. Bxe5 Nf5 35. Bd3 Rbc8 36. Nxc8 Rxc8 37. Nb3 1-0

[Event "Barcelona Primavera La Lira op 8th"]
[Site "Barcelona"]
[Date "2015.04.16"]
[Round "2"]
[White "Corominas Garrido, Jordi"]
[Black "Rueda Marquez, David Juan"]
[Result "0-1"]
[WhiteElo "1936"]
[BlackElo "2087"]
[PlyCount "86"]
[EventDate "2015.04.09"]
[EventType "swiss"]
[EventRounds "9"]
[EventCountry "ESP"]
[SourceTitle "CBM 166 Extra"]
[Source "ChessBase"]
[SourceDate "2015.06.18"]
[SourceVersion "1"]
[SourceVersionDate "2015.06.18"]
[SourceQuality "1"]

1. c4 e5 2. Nc3 Nf6 3. g3 d5 4. cxd5 Nxd5 5. Bg2 Nb6 6. Nf3 Nc6 7. 0-0 Be7 8. d3 0-0 9. a3 Be6 10. b4 a5 11. b5 Nd4 12. Nd2 c6 13. Rb1 Nd5 14. Nxd5 cxd5 15. a4 Rc8 16. Nf3 Nxf3+ 17. Bxf3 f5 18. Bb2 e4 19. Bg2 Bf6 20. e3 Bxb2 21. Rxb2 Rc3 22. d4 Qd6 23. Qa1 Rfc8 24. Rfb1 b6 25. Rb3 Rc2 26. Bf1 g5 27. R1b2 Rc1 28. Rb1 R1c2 29. R1b2 R2c7 30. Qa3 Qd7 31. Rb1 Kf7 32. Be2 Kf6 33. Rd1 h6 34. Rbb1 Rc2 35. Rb2 R2c3 36. Rb3 R3c7 37. Rbb1 Qe7 38. Qb2 Rc2 39. Qa1 Rxe2 40. Rbc1 Rec2 41. Qb1 Qc7 42. Rxc2 Qxc2 43. Qa1 Rc4 0-1